Strzelcy bramek w 22 kolejce Premier League w sezonie 20/21. - Statystyki

Ogólne statystyki
  • Ten quiz został rozwiązany 27 razy
  • Średni wynik to 14 z 31
Statystyki odpowiedzi
Mecz Piłkarz % Poprawnych
Manchester United - Southampton 2:0 Rashford
100%
Manchester United - Southampton 3:0 (bramka samobójcza) Bednarek
88%
Manchester United - Southampton 7:0 Fernandes
85%
Manchester United - Southampton 4:0 Cavani
73%
Manchester United - Southampton 5:0 Martial
73%
Manchester United - Southampton 8:0 Martial
73%
Manchester United - Southampton 6:0 McTominay
73%
Tottenham - Chelsea 0:1 Jorginho
69%
Burnley - Manchester City 0:2 Sterling
65%
Manchester United - Southampton 1:0 Wan-Bissaka
65%
Manchester United - Southampton 9:0 James
62%
Wolves - Arsenal 1:1 Neves
62%
Leeds - Everton 0:2 Calvert-Lewin
54%
Burnley - Manchester City 0:1 Jesus
50%
Wolves - Arsenal 2:1 Moutinho
50%
Aston Villa - West Ham 1:2 Watkins
42%
Aston Villa - West Ham 0:2 Lingard
38%
Aston Villa - West Ham 1:3 Lingard
38%
Leeds - Everton 1:2 Raphinha
38%
Aston Villa - West Ham 0:1 Soucek
35%
Wolves - Arsenal 0:1 Pepe
31%
Fulham - Leicester 0:1 Iheanacho
23%
Fulham - Leicester 0:2 Justin
23%
Liverpool - Brighton 0:1 Alzate
19%
Leeds - Everton 0:1 Sigurdsson
19%
Sheffield United - West Brom 0:1 Phillips
15%
Sheffield United - West Brom 2:1 Sharp
15%
Newcastle - Crystal Palace 1:2 Cahill
12%
Newcastle - Crystal Palace 1:1 Riedewald
12%
Sheffield United - West Brom 1:1 Bogle
8%
Newcastle - Crystal Palace 1:0 Shelvey
8%
Nie znaleziono quizów pasujących do podanych kryteriów
Rozkład punktacji
Procent ludzi z każdym wynikiem
Percentyl według liczby udzielonych odpowiedzi
Twoja historia wyników
Nie rozwiązałeś tego quizu